000
00319nam a2200121Ia 4500
008
190216s9999||||xx |||||||||||||| ||und||
100
_a
Goel & Gupta
245
0
_a
Combined Defence Services Examination
260
_b
Young Man & Co
_c
1985
300
_a
313p
650
_a
Combined Defence Service Exam
942
_c
REF
999
_c
35552
_d
35552